00689nam a2200217Ia 450000500170000000800410001702000180005804100120007608200160008810000230010424500940012726000350022130000190025644000640027565000280033965000270036765000160039470000230041070000220043370000160045520260429111954.0260429s9999||||xx |||||||||||||| ||und|| a9783111334349 aEnglish a515.35bBEN aBenchohra, Mouffak 0aFractional differential equations : ba coincidence degree approach / cMouffak Benchohra aGermany : bDe Gruyter,c2024. axi, 322 p.; hb aFractional calculus in applied sciences and engineering; 12 a Differential equations a Mathematical analysis aMathematics a Bouriah, Soufyane a Salim, Abdelkrim a Zhou, Yong